A history of Canada, 1763-1812, (Record no. 552845)

000 -LEADER
fixed length control field 00506cam a22001451 4500
082 ## - DEWEY DECIMAL CLASSIFICATION NUMBER
Classification number 971.02
Author Mark luc
-- D
100 1# - MAIN ENTRY--PERSONAL NAME
Personal name Lucas, Charles Prestwood,
9 (RLIN) 49477
245 02 - TITLE STATEMENT
Title A history of Canada, 1763-1812,
Statement of responsibility, etc. by Sir C. P. Lucas, K. C. M. G., C. B.
260 ## - PUBLICATION, DISTRIBUTION, ETC.
Place of publication, distribution, etc. Oxford,
Name of publisher, distributor, etc. Clarendon press,
Date of publication, distribution, etc. 1909.
300 ## - PHYSICAL DESCRIPTION
Extent 3 p. l., 360 p.
Other physical details 6 fold. maps, fold. plan.
Dimensions 23 cm.
526 ## - STUDY PROGRAM INFORMATION NOTE
Program name 0
Interest level 0
Reading level 0
Title point value 971_020000000000000_LUC
650 ## - SUBJECT ADDED ENTRY--TOPICAL TERM
Topical term or geographic name entry element MCE
9 (RLIN) 379
856 41 - ELECTRONIC LOCATION AND ACCESS
Uniform Resource Identifier <a href="http://www.loc.gov/catdir/toc/fy0605/09016814.html">http://www.loc.gov/catdir/toc/fy0605/09016814.html</a>
942 ## - ADDED ENTRY ELEMENTS (KOHA)
Source of classification or shelving scheme
Koha item type Book
Holdings
Withdrawn status Lost status Source of classification or shelving scheme Damaged status Not for loan Permanent Location Current Location Shelving location Date acquired Total Checkouts Full call number Barcode Date last seen Price effective from Koha item type
          Military College of Engineering (MCE) Military College of Engineering (MCE)   01/23/2015   971.02 luc MCE-ECH/26 01/23/2015 01/23/2015 Book
© 2023 Central Library, National University of Sciences and Technology. All Rights Reserved.